[Event "73. Deutsche Meisterschaft"]
[Site"Altenkirchen"]
[Date "2001.12.03"]
[Round "4"]
[White "Schulz, Karsten"]
[Black "von Herman, Ulf"]
[Result "1-0"]
[WhiteElo "2268"]
[BlackElo "2395"]
[PlyCount "43"]

1. c4 c5 2. Nc3 g6 3. g3 Bg7 4. Bg2 Nc6 5. e3 d6 6. Nge2 Nh6 7. O-O O-O 8. b3
Bd7 9. Bb2 Nf5 10. d3 Rb8 11. Qd2 h5 12. Nd5 Bxb2 13. Qxb2 b5 14. cxb5 Rxb5 15.
d4 cxd4 16. e4 Ng7 17. Nxd4 Nxd4 18. Qxd4 a5 19. Rac1 h4 20. Rfe1 e5 21. Qa7
Ne6 22. Qxd7 1-0

[Event "73. Deutsche Meisterschaft"]
[Site"Altenkirchen"]
[Date "2001.12.03"]
[Round "4"]
[White "Keilhack, Harald"]
[Black "Hertneck, Gerald"]
[Result "0-1"]
[WhiteElo "2318"]
[BlackElo "2570"]
[PlyCount "38"]

1. Nf3 Nf6 2. c4 e6 3. g3 d5 4. d4 dxc4 5. Bg2 a6 6. O-O Nc6 7. Nc3 Rb8 8. e4
Be7 9. Qe2 b5 10. d5 Nb4 11. Ne5 Nd7 12. Nxf7 Kxf7 13. dxe6+ Kxe6 14. Qh5 g6
15. Qe2 Kf7 16. f4 Re8 17. e5 Kg8 18. b3 Nf8 19. bxc4 Qd4+ 0-1

[Event "73. Deutsche Meisterschaft"]
[Site"Altenkirchen"]
[Date "2001.12.03"]
[Round "4"]
[White "Kleeschaetzky, Rainer"]
[Black "Breutigam, Martin"]
[Result "0-1"]
[WhiteElo "2318"]
[BlackElo "2411"]
[PlyCount "56"]

1. e4 e5 2. Nf3 Nc6 3. Bb5 Bc5 4. O-O Qf6 5. c3 Nge7 6. Re1 a6 7. Bxc6 Nxc6 8.
d4 Ba7 9. Bg5 Qg6 10. Bh4 exd4 11. cxd4 d6 12. d5 Ne5 13. Nxe5 dxe5 14. Qa4+
Bd7 15. Qb4 Qd6 16. Qxb7 O-O 17. Qb3 Rab8 18. Qc2 Bd4 19. Nc3 f5 20. exf5 Bxf5
21. Qd2 Qb4 22. Bg3 Qxb2 23. Qxb2 Rxb2 24. Rac1 Bd3 25. Nd1 Rxa2 26. Rxc7 Ra1
27. d6 Rd8 28. d7 Bf5 0-1

[Event "73. Deutsche Meisterschaft"]
[Site"Altenkirchen"]
[Date "2001.12.03"]
[Round "4"]
[White "Knuth, Hannes"]
[Black "Muranyi, Karl Jasmin"]
[Result "0-1"]
[WhiteElo "2313"]
[BlackElo "2331"]
[PlyCount "100"]

1. d4 d5 2. c4 c6 3. Nf3 Bf5 4. Nc3 e6 5. Bf4 Qb6 6. Qb3 dxc4 7. Qxb6 axb6 8.
e4 Bg6 9. Bxc4 Nf6 10. Nd2 b5 11. Bd3 Nbd7 12. f3 Bb4 13. g4 Nb6 14. Ke2 Nfd7
15. a3 Be7 16. h4 f6 17. h5 Bf7 18. e5 fxe5 19. Bxe5 Nxe5 20. dxe5 Bg5 21. Nde4
Bf4 22. Nd6+ Ke7 23. Nxb7 Bxe5 24. Rac1 h6 25. Ne4 Rhb8 26. Rc5 Bd4 27. Rxc6
Rxb7 28. Nd6 Rbb8 29. Nxb5 Bxb2 30. Rb1 Be5 31. Nc7 Bxc7 32. Rxc7+ Kf6 33. f4
Be8 34. g5+ hxg5 35. fxg5+ Kxg5 36. Rxg7+ Kf6 37. h6 Bh5+ 38. Kd2 Nc4+ 39. Kc3
Rxb1 40. Bxb1 Ne3 41. a4 Nf5 42. Rc7 Rxa4 43. h7 Ra8 44. Bxf5 exf5 45. Kd4 Bf7
46. Rc6+ Be6 47. Rc7 Ra4+ 48. Ke3 Rh4 49. Ra7 Bf7 50. Ra6+ Kg5 0-1

[Event "73. Deutsche Meisterschaft"]
[Site"Altenkirchen"]
[Date "2001.12.03"]
[Round "4"]
[White "Baramidze, David"]
[Black "Wolter, Dr. , Kai"]
[Result "1-0"]
[WhiteElo "2335"]
[BlackElo "2295"]
[PlyCount "73"]

1. e4 c5 2. Nf3 e6 3. d4 cxd4 4. Nxd4 a6 5. Bd3 Qc7 6. O-O Nf6 7. c4 d6 8. Nc3
Nbd7 9. Be3 b6 10. Qd2 Bb7 11. f3 Be7 12. Rfc1 O-O 13. Bf1 Rac8 14. a4 Rfe8 15.
a5 bxa5 16. Nb3 a4 17. Nxa4 Nc5 18. Na5 Ba8 19. Nc3 Rb8 20. b4 Ncd7 21. Nd5
exd5 22. cxd5 Nc5 23. bxc5 dxc5 24. Bf4 Bd6 25. Bxd6 Qxd6 26. Nc4 Qd8 27. Rxa6
Nd7 28. Ra7 h6 29. Qa5 Qg5 30. Ra1 Red8 31. Qc7 f5 32. Qd6 Nf6 33. Qe6+ Kh7 34.
f4 Qg6 35. Ne5 Re8 36. Nxg6 Rxe6 37. dxe6 1-0

[Event "73. Deutsche Meisterschaft"]
[Site"Altenkirchen"]
[Date "2001.12.03"]
[Round "4"]
[White "Schramm, Christian"]
[Black "Dunsbach, Dr., Rolf"]
[Result "1/2-1/2"]
[WhiteElo "2359"]
[BlackElo "2312"]
[PlyCount "55"]

1. d4 Nf6 2. Bg5 Ne4 3. Bf4 Nc6 4. Nd2 d5 5. c3 Nxd2 6. Qxd2 Bf5 7. Nf3 e6 8.
e3 Bd6 9. Bxd6 Qxd6 10. Be2 O-O 11. Nh4 Ne7 12. Nxf5 exf5 13. O-O c6 14. Bd3
Rad8 15. Rae1 g6 16. f3 Rfe8 17. Bc2 Nc8 18. e4 fxe4 19. fxe4 dxe4 20. Bxe4 f5
21. Bc2 Kg7 22. Qf2 Qf8 23. Qg3 Qd6 24. Qh4 Qf6 25. Qf2 Qf8 26. Qh4 Qf6 27. Qf2
Qf8 28. Qh4 1/2-1/2

[Event "73. Deutsche Meisterschaft"]
[Site"Altenkirchen"]
[Date "2001.12.03"]
[Round "4"]
[White "Kalinitschew, Sergej"]
[Black "Espig, Lutz"]
[Result "1-0"]
[WhiteElo "2487"]
[BlackElo "2411"]
[PlyCount "101"]

1. d4 d5 2. c4 e6 3. Nf3 c5 4. cxd5 exd5 5. Nc3 Nc6 6. Bg5 Be7 7. Bxe7 Ngxe7 8.
dxc5 Qa5 9. e3 Qxc5 10. Be2 O-O 11. O-O Bg4 12. Nd2 Bxe2 13. Qxe2 Qb4 14. Nf3
Rad8 15. Rfd1 Qc4 16. Nd4 Qxe2 17. Ndxe2 Rd7 18. Rd2 Ne5 19. b3 Rc8 20. Rad1 f6
21. e4 Rdc7 22. Nxd5 Nxd5 23. exd5 Rc2 24. f4 Nd7 25. Nd4 Rxd2 26. Rxd2 Nb6 27.
Nf5 Rd8 28. Ne3 Kf7 29. a4 Re8 30. Kf2 Rc8 31. a5 Nd7 32. Rc2 Rxc2+ 33. Nxc2
Ke7 34. Ke3 Kd6 35. Kd4 Nc5 36. Kc4 g6 37. Ne3 Nd7 38. Kd4 b5 39. axb6 axb6 40.
Nc4+ Kc7 41. b4 b5 42. Na3 Kb6 43. g4 Nb8 44. g5 fxg5 45. fxg5 Na6 46. Nc2 Kc7
47. Ke5 Kd7 48. h3 Ke7 49. d6+ Kd7 50. Kd5 Nb8 51. Nd4 1-0

[Event "73. Deutsche Meisterschaft"]
[Site "Altenkirchen"]
[Date "2001.12.03"]
[Round "4"]
[White "Handke, Florian"]
[Black "Lobron, Eric"]
[Result "1-0"]
[WhiteElo "2407"]
[BlackElo "2524"]
[PlyCount "83"]


1. e4 d6 2. d4 Nf6 3. Bd3 e5 4. c3 Nc6 5. Nf3 Bg4 6. d5 Ne7 7. Bg5 c6 8. Nbd2
Ng6 9. Qb3 Qc7 10. h3 Bxf3 11. Nxf3 Be7 12. O-O O-O 13. dxc6 bxc6 14. Rfe1 Nd7
15. Be3 Rab8 16. Qc2 a5 17. Rab1 d5 18. Rbd1 Qb7 19. Bc1 Bf6 20. a3 Rfe8 21. b4
axb4 22. cxb4 d4 23. Nd2 Bg5 24. Nb3 Bxc1 25. Rxc1 Rec8 26. Na5 Qa8 27. Nxc6
Rb6 28. b5 Qxa3 29. g3 h5 30. h4 Nb8 31. Ra1 Qf8 32. Rec1 Nxc6 33. bxc6 Ne7 34.
c7 Rb7 35. Ra5 Rbxc7 36. Qxc7 Rxc7 37. Rxc7 Qd8 38. Raa7 Nc8 39. Rd7 Qe8 40.
Rab7 Nb6 41. Re7 Qf8 42. Bb5 1-0

[Event "73. Deutsche Meisterschaft"]
[Site "Altenkirchen"]
[Date "2001.12.03"]
[Round "4"]
[White "Haensel, Thomas"]
[Black "Singer, Christoph"]
[Result "0-1"]
[WhiteElo "2259"]
[BlackElo "2300"]
[PlyCount "98"]


1. e4 e5 2. Nf3 Nc6 3. Bb5 Nf6 4. Qe2 d6 5. O-O Bd7 6. c3 Qe7 7. d3 g6 8. a4
Bg7 9. a5 O-O 10. Nbd2 a6 11. Ba4 Nh5 12. Nc4 f5 13. exf5 Bxf5 14. d4 Bg4 15.
Bxc6 bxc6 16. Ncd2 Nf4 17. Qe1 Bh6 18. dxe5 Bxf3 19. Nxf3 Nd3 20. Qe2 Nxc1 21.
Raxc1 Bxc1 22. Rxc1 dxe5 23. Nxe5 Rae8 24. Qc4+ Qe6 25. Qxe6+ Rxe6 26. Nd7 Rfe8
27. Kf1 Rd6 28. Nc5 Rd2 29. b4 Ree2 30. Nd3 c5 31. bxc5 Ra2 32. Rd1 Rec2 33.
Ne1 Rxc3 34. Rd8+ Kf7 35. Rd7+ Ke6 36. Rxc7 Rc1 37. Rc6+ Ke7 38. Rxa6 Raa1 39.
Ra7+ Ke6 40. Ra6+ Kf5 41. g4+ Ke5 42. f4+ Kxf4 43. Re6 Kxg4 44. c6 Rxa5 45. Ke2
Kf5 46. Re7 Rxc6 47. Rxh7 Re6+ 48. Kd2 Ra2+ 49. Nc2 Rc6 0-1

[Event "73. Deutsche Meisterschaft"]
[Site "Altenkirchen"]
[Date "2001.12.03"]
[Round "4"]
[White "Grafl, Florian"]
[Black "Schlindwein, Rolf"]
[Result "0-1"]
[WhiteElo "2373"]
[BlackElo "2440"]
[PlyCount "100"]


1. e4 c5 2. Nf3 Nc6 3. Bb5 e6 4. Bxc6 bxc6 5. O-O d5 6. d3 Nf6 7. Qe2 c4 8. Bg5
Qb6 9. Bxf6 gxf6 10. dxc4 dxe4 11. Qxe4 Bg7 12. Qd4 c5 13. Qc3 Rb8 14. b3 Rg8
15. Qe3 Bb7 16. Nbd2 Qc6 17. Rfd1 f5 18. c3 Bf6 19. Kf1 Rd8 20. Rac1 Bg5 21.
Nxg5 Qxg2+ 22. Ke2 Qxg5 23. Qxg5 Rxg5 24. b4 f4 25. Nf3 Rxd1 26. Rxd1 Rh5 27.
Rg1 Bxf3+ 28. Kxf3 Rh3+ 29. Kxf4 Rxc3 30. bxc5 Rxc4+ 31. Kf3 Rxc5 32. Rb1 Ra5
33. Rb2 Ke7 34. Kg4 Kf6 35. Kf4 Ra4+ 36. Kg3 e5 37. Rc2 h5 38. Rc6+ Kf5 39. Rc2
h4+ 40. Kg2 Ra3 41. h3 Kf4 42. Rc7 f5 43. Rh7 Rxa2 44. Rxh4+ Kg5 45. Rh8 e4 46.
Rg8+ Kf4 47. Re8 a5 48. h4 Kg4 49. Re5 Kxh4 50. Rxf5 e3 0-1

[Event "73. Deutsche Meisterschaft"]
[Site "Altenkirchen"]
[Date "2001.12.03"]
[Round "4"]
[White "Bischoff, Dieter"]
[Black "Bruehl, Andreas"]
[Result "0-1"]
[WhiteElo "2313"]
[BlackElo "2277"]
[PlyCount "124"]


1. d4 d5 2. c4 c6 3. Nf3 Nf6 4. Qc2 g6 5. Bf4 Bf5 6. Qb3 Qb6 7. e3 Nbd7 8. h3
Bg7 9. c5 Qxb3 10. axb3 Bxb1 11. Rxb1 Ne4 12. Be2 O-O 13. b4 a6 14. O-O Rfe8
15. Ra1 e5 16. dxe5 Nxe5 17. Nxe5 Bxe5 18. Bxe5 Rxe5 19. Rfd1 Rae8 20. Rd4 f5
21. Bd1 R5e7 22. Bc2 Ng5 23. Rd2 Ne6 24. g3 Kg7 25. Kg2 Kf6 26. h4 Rd8 27. Bb3
Red7 28. Kf3 h6 29. Ke2 Rh8 30. Rdd1 Ke5 31. Rh1 Nc7 32. Rhd1 Rhd8 33. Rd2 Ne8
34. Rad1 Nf6 35. f3 Rh8 36. Rh1 Ke6 37. Kf2 Re8 38. Re1 Kf7 39. Rd4 Rde7 40.
Bc2 Kg7 41. Rdd1 Re5 42. Rd4 g5 43. Bd3 g4 44. f4 Ne4+ 45. Bxe4 Rxe4 46. Re2
Kf6 47. b3 R8e6 48. Re1 Ke7 49. Re2 Kd7 50. Re1 Kc7 51. Re2 b6 52. Re1 Kb7 53.
Re2 bxc5 54. bxc5 Rxd4 55. exd4 Rxe2+ 56. Kxe2 a5 57. Kd2 Ka6 58. Kc3 Kb5 59.
h5 a4 60. Kb2 Kb4 61. bxa4 Kxa4 62. Kc3 Ka3 0-1

[Event "73. Deutsche Meisterschaft"]
[Site"Altenkirchen"]
[Date "2001.12.03"]
[Round "4"]
[White "Berezovsky, Igor"]
[Black "Naiditsch, Arkadij"]
[Result "1/2-1/2"]
[WhiteElo "2432"]
[BlackElo "2540"]
[PlyCount "122"]

1. d4 Nf6 2. c4 e6 3. Nf3 Bb4+ 4. Bd2 Qe7 5. g3 Nc6 6. Nc3 Bxc3 7. Bxc3 Ne4 8.
Rc1 d6 9. d5 Nxc3 10. Rxc3 Nb8 11. dxe6 fxe6 12. Bg2 O-O 13. O-O a5 14. c5 d5
15. Ne5 Nc6 16. Nxc6 bxc6 17. e4 Ba6 18. Re1 Rad8 19. exd5 cxd5 20. Qd4 Qf6 21.
Qxf6 Rxf6 22. Ra3 e5 23. Rxa5 e4 24. Rd1 Bd3 25. Rd2 d4 26. f3 exf3 27. Rxd3
fxg2 28. Ra4 Re8 29. Rd2 d3 30. Kxg2 Rf5 31. Rd4 Rxc5 32. R4xd3 Re7 33. Rd8+
Kf7 34. R8d7 Rxd7 35. Rxd7+ Kf6 36. Rd2 Rc1 37. Re2 h5 38. Kf3 Kf5 39. Ke3 Kg4
40. Kd2 Ra1 41. a3 g5 42. Re1 Rxe1 43. Kxe1 Kh3 44. a4 Kxh2 45. a5 h4 46. gxh4
g4 47. a6 g3 48. a7 g2 49. a8=Q g1=Q+ 50. Ke2 Qd4 51. Qb7 c5 52. h5 Qe5+ 53.
Kf2 Qg3+ 54. Ke2 Qe5+ 55. Kd3 Qxh5 56. Qe4 Qh8 57. b3 Qb8 58. Kc3 Qb6 59. Qe2+
Kh3 60. Qe3+ Kg4 61. Qe4+ Kg5 1/2-1/2

[Event "73. Deutsche Meisterschaft"]
[Site"Altenkirchen"]
[Date "2001.12.03"]
[Round "4"]
[White "Hammes, Michael"]
[Black "Christ, Ralf"]
[Result "1-0"]
[WhiteElo "2374"]
[BlackElo "2272"]
[PlyCount "93"]

1. d4 Nf6 2. Nf3 g6 3. c4 Bg7 4. Nc3 d5 5. cxd5 Nxd5 6. e4 Nxc3 7. bxc3 c5 8.
Be3 Qa5 9. Qd2 Nc6 10. Rc1 cxd4 11. cxd4 Qxd2+ 12. Kxd2 O-O 13. d5 Rd8 14. Ke1
Na5 15. Bb5 f5 16. Bd3 fxe4 17. Bxe4 Bf5 18. Bxf5 gxf5 19. Ke2 Rxd5 20. Rc7 Bf6
21. Rhc1 a6 22. Bd2 Rad8 23. R1c2 R8d6 24. Bxa5 Re6+ 25. Kf1 Rxa5 26. Rxb7 Re4
27. Rd7 Rb5 28. g3 a5 29. h4 a4 30. Ng5 Bxg5 31. hxg5 Kf7 32. f3 Rb1+ 33. Kf2
Ree1 34. Ra7 Rf1+ 35. Ke3 Rfe1+ 36. Kf4 a3 37. Kxf5 Rb2 38. Rc4 Rxa2 39. Rca4
Re3 40. Kg4 Rb3 41. Rf4+ Ke8 42. Re4 Rf2 43. Rexe7+ Kf8 44. Rxh7 Kg8 45. Rhg7+
Kh8 46. f4 Rg2 47. Rgb7 1-0

[Event "73. Deutsche Meisterschaft"]
[Site"Altenkirchen"]
[Date "2001.12.03"]
[Round "4"]
[White "Levin, Felix"]
[Black "Gutman, Lev"]
[Result "1/2-1/2"]
[WhiteElo "2531"]
[BlackElo "2489"]
[Annotator "Levin"]
[PlyCount "123"]

1. d4 Nf6 2. c4 e5 3. dxe5 Ne4 4. a3 d6 5. Nf3 Bf5 6. g3 h5 7. Bg2 Nc6 8. Nd4
Nxd4 9. Qxd4 Nc5 10. Qe3 dxe5 11. b4 Ne6 12. Bb2 f6 13. Bxb7 Rb8 14. Be4 Bc5
15. Qf3 Bg4 16. Bg6+ Ke7 17. Qd3 Qxd3 18. Bxd3 h4 19. Nc3 a5 20. Nd5+ Kf7 21.
Bc3 c6 22. bxc5 cxd5 23. c6 d4 24. Bxa5 Nc5 25. Bb4 Nxd3+ 26. exd3 hxg3 27.
fxg3 Bf3 28. Rf1 Bxc6 29. h4 Rh6 30. Bd6 Rb7 31. Kd2 Ke6 32. Bb4 g5 33. hxg5
Rh2+ 34. Ke1 f5 35. Rd1 Rg7 36. Bd2 Rg2 37. Rb1 Rxg3 38. Rb6 Rc7 39. Ke2 f4 40.
Rh1 Kf5 41. Rh6 Bf3+ 42. Kf2 Bb7 43. Rhf6+ Kg4 44. g6 Rg2+ 45. Ke1 Kf3 46. Kd1
Kf2 47. Rbe6 Bf3+ 48. Kc2 Rg5 49. Bxf4 exf4 50. Rxf4 Kg3 51. Rxd4 Ra7 52. Kb2 (
52. Rdd6 Rxa3 53. Ra6 Rxa6 54. Rxa6 Bh5 55. Kc3) 52... Rb7+ 53. Kc3 Ra5 54.
Rdd6 Rxa3+ 55. Kd4 Bg4 56. Rf6 Be2 57. Ke3 Re7+ 58. Rfe6 Rxe6+ 59. Rxe6 Bxd3
60. Kd4 Bf5 61. Rf6 Kf4 62. c5 1/2-1/2

[Event "73. Deutsche Meisterschaft"]
[Site"Altenkirchen"]
[Date "2001.12.03"]
[Round "4"]
[White "Scherer, Max"]
[Black "Bastian, Herbert"]
[Result "0-1"]
[WhiteElo "2310"]
[BlackElo "2353"]
[PlyCount "166"]

1. c4 e5 2. g3 Nc6 3. Bg2 g6 4. Nc3 Bg7 5. e3 d6 6. Nge2 Bg4 7. h3 Be6 8. b3
Nge7 9. O-O Qd7 10. Kh2 h5 11. d4 exd4 12. exd4 d5 13. Bg5 h4 14. Nf4 hxg3+ 15.
fxg3 Bg4 16. Qe1 O-O-O 17. cxd5 Rde8 18. dxc6 Nxc6 19. Qd2 Nxd4 20. Ncd5 Bxh3
21. Bxh3 Rxh3+ 22. Nxh3 Re2+ 23. Qxe2 Nxe2 24. Rad1 Bd4 25. Ne3 c5 26. Rde1 Nc3
27. Nc4 f5 28. Re7 Qc6 29. Rfe1 Ne4 30. Bf4 Kd8 31. Rc7 Qa6 32. a4 g5 33. Bd6
Nxd6 34. Ree7 Nxc4 35. bxc4 Bf6 36. Rcd7+ Kc8 37. Rc7+ Kb8 38. Rf7 Bd8 39. Rcd7
Kc8 40. Rd2 Qh6 41. Kg2 g4 42. Nf4 Bc7 43. Re2 Qc6+ 44. Nd5 Bd8 45. Rf8 Kd7 46.
Rf7+ Kd6 47. Rf8 Kd7 48. Rxf5 Qxa4 49. Rd2 Kc6 50. Ne3 Qa5 51. Rdd5 Qa3 52.
Rfe5 b6 53. Nxg4 Bc7 54. Re6+ Kb7 55. Ne3 b5 56. Re7 Kb6 57. Re6+ Kb7 58. Re7
Qb2+ 59. Kf3 Qf6+ 60. Nf5 Kc6 61. g4 bxc4 62. Rdd7 Bb8 63. Rd8 Bh2 64. Rc8+ Kb6
65. Rce8 Qg5 66. Ne3 c3 67. Re6+ Kb5 68. R8e7 Qf4+ 69. Ke2 a5 70. Re4 Qg3 71.
R7e6 Bg1 72. Nc4 Bd4 73. Na3+ Ka4 74. Nc4 Kb4 75. Ne3 Qh2+ 76. Kf3 c2 77. Rb6+
Ka4 78. Rb2 Qh1+ 79. Ke2 c1=Q 80. Ra2+ Kb3 81. Rd2 Qh2+ 82. Kf3 Qch1+ 83. Ng2
Qf1+ 0-1

[Event "73. Deutsche Meisterschaft"]
[Site "Altenkirchen"]
[Date "2001.12.03"]
[Round "4"]
[White "Bischoff, Klaus"]
[Black "Lutz, Christopher"]
[Result "1/2-1/2"]
[WhiteElo "2541"]
[BlackElo "2643"]
[PlyCount "37"]


1. c4 Nf6 2. Nc3 c5 3. g3 e6 4. Nf3 b6 5. Bg2 Bb7 6. O-O Be7 7. d4 cxd4 8. Qxd4
d6 9. Rd1 a6 10. b3 Nbd7 11. e4 Qc8 12. Bb2 O-O 13. Rac1 Re8 14. Qe3 Qc7 15.
Nd4 Rac8 16. h3 Bf8 17. Re1 g6 18. Rcd1 Qb8 19. Qd2 1/2-1/2

[Event "73. Deutsche Meisterschaft"]
[Site "Altenkirchen"]
[Date "2001.12.03"]
[Round "4"]
[White "Slobodjan, Roman"]
[Black "Tischbierek, Raj"]
[Result "1-0"]
[WhiteElo "2522"]
[BlackElo "2493"]
[PlyCount "87"]


1. e4 c5 2. Nf3 Nc6 3. d4 cxd4 4. Nxd4 Nf6 5. Nc3 d6 6. Be2 e6 7. O-O Be7 8.
Be3 O-O 9. Kh1 Bd7 10. f4 Nxd4 11. Bxd4 Bc6 12. Qd3 b5 13. a3 Qb8 14. Qg3 a5
15. e5 dxe5 16. Bxe5 Qb7 17. f5 b4 18. axb4 axb4 19. Rxa8 Rxa8 20. Nd1 exf5 21.
Rxf5 Kh8 22. Rf1 Be4 23. Ne3 Qd7 24. Bf3 Bxf3 25. Qxf3 Ra5 26. Rd1 Qe6 27. Bxf6
Bxf6 28. Nd5 h6 29. Nxf6 Qxf6 30. Qxf6 gxf6 31. Kg1 Rc5 32. Rd2 Kg7 33. Kf2 f5
34. Ke3 Rc4 35. Kd3 Rh4 36. g3 Rg4 37. Rf2 Kf6 38. c3 bxc3 39. Kxc3 Ke5 40. b4
h5 41. Rf4 h4 42. Rxg4 fxg4 43. gxh4 f5 44. Kd3 1-0

[Event "73. Deutsche Meisterschaft"]
[Site "Altenkirchen"]
[Date "2001.12.03"]
[Round "4"]
[White "Jussupow, Artur"]
[Black "Prusikhin, Mikhajlo"]
[Result "1/2-1/2"]
[WhiteElo "2630"]
[BlackElo "2502"]
[PlyCount "109"]


1. d4 Nf6 2. c4 e6 3. Nc3 Bb4 4. e3 O-O 5. Bd3 d5 6. cxd5 exd5 7. Nge2 Re8 8.
O-O Bf8 9. a3 a5 10. Kh1 b6 11. Nf4 Ba6 12. f3 Bxd3 13. Qxd3 Na6 14. e4 dxe4
15. fxe4 c5 16. Nfd5 Nxd5 17. exd5 cxd4 18. Qxd4 Nc5 19. Rb1 a4 20. Bf4 Qd7 21.
h3 Be7 22. Be5 f6 23. Bg3 Bd6 24. Bxd6 Qxd6 25. Rbe1 Re5 26. Rxe5 fxe5 27. Qc4
Rf8 28. Rxf8+ Kxf8 29. Nxa4 Nxa4 30. Qxa4 Qxd5 31. Qb4+ Kf7 32. Qxb6 e4 33.
Qc7+ Ke6 34. Qc8+ Kf7 35. Qc7+ Ke6 36. Qc8+ Kf7 37. Qc1 Qd3 38. Kg1 Qd4+ 39.
Kf1 Qd3+ 40. Kf2 Qd4+ 41. Ke2 Qd3+ 42. Ke1 Qg3+ 43. Kf1 Qd3+ 44. Kf2 Qd4+ 45.
Qe3 Qxb2+ 46. Kg3 Kg8 47. Kf4 Qxg2 48. Qb3+ Kf8 49. Qb4+ Kf7 50. Qb7+ Kf8 51.
Qa8+ Kf7 52. Qd5+ Kf8 53. Qf5+ Kg8 54. Qe6+ Kf8 55. Qf5+ 1/2-1/2

[Event "73. Deutsche Meisterschaft"]
[Site "Altenkirchen"]
[Date "2001.12.03"]
[Round "4"]
[White "Braun, Arik"]
[Black "Rabiega, Robert"]
[Result "1-0"]
[WhiteElo "2580"]
[BlackElo "2229"]
[Annotator "Arik Braun, Michael Bezold"]
[PlyCount "79"]


1. d4 d5 2. c4 e6 3. Nc3 Bb4 4. e3 Nf6 5. a3 Bxc3+ 6. bxc3 O-O 7. cxd5 exd5 8.
Bd3 Bg4 9. Ne2 Qc8 10. O-O (10. Qc2 c5 $15) 10... c5 11. f3 Bf5 12. Ng3 Bg6 {
Zu sehr scharfen Varianten wuerde e4 fuehren. Weiss wuerde dabei voll auf
Angriff setzen. Daher:} (12... Bxd3 13. Qxd3 Nc6 14. e4 $14) 13. Bb2 Nc6 14.
Qd2 Na5 15. Rae1 cxd4 16. cxd4 Nc4 17. Bxc4 $8 Qxc4 18. Rc1 (18. e4 dxe4 19.
fxe4 Rfe8 20. Rxf6 gxf6 21. Qf2 $40) 18... Qa6 19. Rc7 Rad8 (19... Ne8 20. Rc5
Bd3 21. Rfc1 Bc4 22. e4 b6 23. Rc6 Qb7 24. Nf5 g6 25. R1xc4 dxc4 26. d5 $16)
20. Qb4 Ne8 $1 21. Rc5 (21. Rxb7 Nd6 22. Rc7 Rb8 23. Qc3 Nb5 $19) 21... Qe6 22.
Qxb7 (22. Re1 $142) 22... Qxe3+ 23. Kh1 Nd6 $1 24. Qb4 (24. Qxd5 Ne4 25. Qa2
Nf2+ 26. Kg1 Nh3+ 27. Kh1 Qg1+ 28. Rxg1 Nf2#) 24... Nc4 25. Re1 Qf4 26. Ne2 $2
Qh4 27. Bc3 Rfe8 28. Qb7 Qf2 (28... Bd3 29. Ng3 Rxe1+ 30. Bxe1 Qxd4 31. Qd7 $11
) 29. Ng1 $3 h6 (29... Rxe1 30. Bxe1 Qxd4 31. Qd7 $15) 30. Qc7 (30. Rxd5 Ne3
31. Re2 Qxe2 32. Nxe2 Nxd5 $19) 30... Kh7 {Schwarz steht hier vermutlich
besser. Haupttrumpf ist dabei sein sicherer Koenig auf h7. Er hat weiterhin
die etwas aktiveren Figuren.} 31. Qg3 $8 (31. Rxd5 Rxd5 32. Rxe8 Rg5 $19) 31...
Qa2 32. Rxe8 Rxe8 33. Rxd5 Qxa3 $138 {Ab hier waren wir beide in Zeitnot.} 34.
Be1 $138 Qa1 35. Bf2 Nb2 36. h4 $1 h5 $2 {
Ein schwerer Fehler, der zu sehr die schwarzen Felder schwaecht.} 37. f4 $1 Qb1
38. Kh2 Qe4 39. Rg5 $1 Rg8 $4 {
Die einzige Chance bestand in f6, wonach Sf3 gefolgt waere.} 40. f5 1-0

[Event "73. Deutsche Meisterschaft"]
[Site "Altenkirchen"]
[Date "2001.12.04"]
[Round "5"]
[White "Christ, Ralf"]
[Black "Kleeschaetzky, Rainer"]
[Result "1/2-1/2"]
[WhiteElo "2272"]
[BlackElo "2318"]
[PlyCount "23"]


1. e4 e6 2. d4 d5 3. Nc3 Bb4 4. e5 c5 5. a3 Bxc3+ 6. bxc3 Qc7 7. Nf3 Ne7 8. a4
h6 9. Bb5+ Bd7 10. Bd3 Nbc6 11. O-O b6 12. Ba3 1/2-1/2

[Event "73. Deutsche Meisterschaft"]
[Site "Altenkirchen"]
[Date "2001.12.04"]
[Round "5"]
[White "Dunsbach, Dr., Ralf"]
[Black "Schulz, Karsten"]
[Result "0-1"]
[WhiteElo "2312"]
[BlackElo "2268"]
[PlyCount "112"]


1. d4 g6 2. g3 Bg7 3. Bg2 Nf6 4. c4 O-O 5. Nf3 c6 6. O-O d5 7. cxd5 cxd5 8. Nc3
Ne4 9. Nxe4 dxe4 10. Ne5 Qd5 11. e3 Bxe5 12. dxe5 Qxe5 13. Qc2 Bf5 14. Bd2 Nc6
15. Bc3 Qe6 16. Rfd1 Rfd8 17. Qa4 a6 18. Rac1 Rxd1+ 19. Rxd1 b5 20. Qc2 Bg4 21.
Ra1 Bf3 22. b4 Rc8 23. Qb2 Rd8 24. Bf1 Rd5 25. Qb3 Qd7 26. Rc1 Rd1 27. Rxd1
Qxd1 28. Qxd1 Bxd1 29. Bh3 f5 30. Kf1 Bc2 31. Ke1 Bd3 32. Kd2 Kf7 33. f3 Nd8
34. fxe4 Bxe4 35. Bf1 Ne6 36. a4 Bc6 37. axb5 axb5 38. h4 Nc7 39. Bd4 Nd5 40.
Bc5 Nf6 41. Kc2 Nh5 42. Kc3 Nxg3 43. Bd3 e5 44. Bc2 Ke6 45. Ba7 Nh5 46. Bb3+
Bd5 47. Bd1 Nf6 48. Bc2 h6 49. Bb6 g5 50. hxg5 hxg5 51. Kd2 g4 52. Ke2 g3 53.
Bc7 Ng4 54. e4 Bxe4 55. Bxe4 fxe4 56. Kf1 Kf5 0-1

[Event "73. Deutsche Meisterschaft"]
[Site "Altenkirchen"]
[Date "2001.12.04"]
[Round "5"]
[White "Bastian, Herbert"]
[Black "Grafl, Florian"]
[Result "0-1"]
[WhiteElo "2353"]
[BlackElo "2373"]
[PlyCount "64"]


1. e4 c5 2. Nc3 a6 3. g3 b5 4. a3 Bb7 5. Bg2 e6 6. Nh3 Nf6 7. d3 d6 8. O-O Nc6
9. f4 Nd7 10. f5 e5 11. Nd5 Nb6 12. f6 g6 13. c3 h6 14. Be3 Nb8 15. Qe2 N8d7
16. d4 Nxd5 17. exd5 Qb6 18. b4 O-O-O 19. Qf2 exd4 20. cxd4 c4 21. Rae1 Re8 22.
g4 g5 23. Qf5 Qd8 24. Bd2 Rxe1 25. Bxe1 Rg8 26. Qh7 Rg6 27. Qxf7 Rxf6 28. Rxf6
Qxf6 29. Qe8+ Kc7 30. Bf2 Be7 31. Be3 Qg7 32. Nf2 Nf6 0-1

[Event "73. Deutsche Meisterschaft"]
[Site "Altenkirchen"]
[Date "2001.12.04"]
[Round "5"]
[White "Hertneck, Gerald"]
[Black "Hammes, Michael"]
[Result "0-1"]
[WhiteElo "2570"]
[BlackElo "2374"]
[PlyCount "66"]


1. e4 e6 2. d4 d5 3. Nd2 Nf6 4. e5 Nfd7 5. f4 c5 6. c3 Nc6 7. Ndf3 Qa5 8. Ne2
b5 9. a3 c4 10. Be3 Qa4 11. Qb1 f5 12. g4 g6 13. gxf5 gxf5 14. Ng3 Be7 15. Be2
Nf8 16. Ng5 h6 17. Bh5+ Kd7 18. Nxe6 Nxe6 19. Bf3 Nc7 20. Nxf5 Kd8 21. Rg1 Rf8
22. Nxh6 Bh4+ 23. Ke2 Ne7 24. Qh7 Bf5 25. Nf7+ Rxf7 26. Qxh4 Qc2+ 27. Ke1 Qxb2
28. Rc1 Kd7 29. Rg5 Raf8 30. Bh5 Rh7 31. Rxf5 Nxf5 32. Be8+ Kxe8 33. Qxh7 Nxe3
0-1

[Event "73. Deutsche Meisterschaft"]
[Site "Altenkirchen"]
[Date "2001.12.04"]
[Round "5"]
[White "Lobron, Eric"]
[Black "Baramidze, David"]
[Result "1-0"]
[WhiteElo "2524"]
[BlackElo "2335"]
[PlyCount "51"]


1. c4 c5 2. Nc3 Nc6 3. e3 e6 4. Nf3 Nf6 5. d4 d5 6. cxd5 Nxd5 7. Bd3 Be7 8. O-O
O-O 9. a3 h6 10. Bc2 Nf6 11. Qd3 b6 12. Ne4 g6 13. h4 Nxe4 14. Qxe4 Qc7 15.
dxc5 f5 16. Qc4 bxc5 17. Bd2 Ne5 18. Nxe5 Qxe5 19. Bc3 Qd5 20. Qf4 Kh7 21. Rad1
Qb7 22. Rd2 Bd7 23. Rfd1 Bc6 24. Qe5 Rf7 25. Qxe6 Bf8 26. h5 1-0

[Event "73. Deutsche Meisterschaft"]
[Site "Altenkirchen"]
[Date "2001.12.04"]
[Round "5"]
[White "Singer, Christoph"]
[Black "Schramm, Christian"]
[Result "1-0"]
[WhiteElo "2300"]
[BlackElo "2359"]
[PlyCount "70"]


1. d4 Nf6 2. Bf4 e6 3. e3 c5 4. c3 cxd4 5. exd4 Be7 6. Nf3 O-O 7. Bd3 d6 8. h3
Re8 9. O-O Nbd7 10. Re1 Nf8 11. Qe2 Ng6 12. Bh2 Bd7 13. c4 Bc6 14. Nc3 Qb6 15.
Rad1 Bf8 16. Ng5 e5 17. c5 Qa5 18. d5 Bd7 19. cxd6 Bxd6 20. Nce4 Nxe4 21. Bxe4
Be7 22. h4 f5 23. d6 Bxg5 24. Bd5+ Be6 25. Bxe6+ Rxe6 26. Qc4 Nf8 27. hxg5 Kh8
28. Qc7 Qxc7 29. dxc7 Rc8 30. Rxe5 Rxe5 31. Bxe5 Ne6 32. Rd7 Kg8 33. Re7 Kf8
34. Rxe6 Kf7 35. Rd6 Rxc7 1-0